000 00457nam a2200133 i 4500
001 92197
003 ES-MaACL
007 t|
008 050223s1974 sp ||||1| spa d
245 0 2 _aO libro galego a discusión
_b: Crónica sobre o Primer Seminario en Ocoldo Libro Galego...celebrado en Museo Carlos Maside en xulio de 1972.
260 _a[La coruña] :
_bDo. Castro,
_c1974.
300 _a95 p. :
_bil. ;
_c25 cm.
852 _aES-MaACL
_jE-6465
_bR.91124
999 _c92197
_d92197